<?xml version="1.0" encoding="UTF-8"?>
<marc:record xmlns:marc="http://www.loc.gov/MARC21/slim">
   <marc:leader>00000nam a2200000 a 4500</marc:leader>
   <marc:datafield ind1="1" ind2=" " tag="100">
      <marc:subfield code="a">Hering, Wolfgang</marc:subfield>
      <marc:subfield code="4">ctb</marc:subfield>
      <marc:subfield code="e">Mitwirkende/-r</marc:subfield>
   </marc:datafield>
   <marc:datafield ind1=" " ind2=" " tag="653">
      <marc:subfield code="a">Cassette</marc:subfield>
   </marc:datafield>
   <marc:datafield ind1=" " ind2=" " tag="653">
      <marc:subfield code="a">Jugendbuch / Lernen / Sprachen</marc:subfield>
   </marc:datafield>
   <marc:datafield ind1=" " ind2=" " tag="653">
      <marc:subfield code="a">CD</marc:subfield>
   </marc:datafield>
   <marc:datafield ind1="0" ind2="0" tag="245">
      <marc:subfield code="a">Englische Bewegungshits</marc:subfield>
   </marc:datafield>
   <marc:datafield ind1="0" ind2="0" tag="245">
      <marc:subfield code="c">Hrsg.: BBS-Buchwerk Bernhard Schön, Idstein. Brigitte Schanz-Hering. Mit Musik von Wolfgang Hering</marc:subfield>
   </marc:datafield>
   <marc:datafield ind1=" " ind2="1" tag="264">
      <marc:subfield code="a">Münster</marc:subfield>
      <marc:subfield code="b">Ökotopia-Verl.</marc:subfield>
      <marc:subfield code="c">2004</marc:subfield>
   </marc:datafield>
   <marc:datafield ind1="1" ind2=" " tag="490">
      <marc:subfield code="a">Ökotopia Mit-Spiel-Lieder</marc:subfield>
   </marc:datafield>
   <marc:datafield ind1="1" ind2=" " tag="520">
      <marc:subfield code="a">"Hello welcome" und "How do you feel today", so beginnt die abwechslungsreich produzierte CD. Insgesamt 23 englischsprachige Songs und als Zugabe acht Sprech- und Klatschverse sind im Mainzer Tonstudio "Klangraum" pfiffig arrangiert worden. "Looby Lou", "The muffin man", "Round the village" und viele weitere leicht verständliche Bewegungs- und Tanzlieder laden direkt zum Mitsingen ein. Bekannte englische Kinderhits wie "Hokey Pokey", "Old Mac Donald" und "Ten little Indians" sind mit moderner Instrumentierung und eingängigen Rhythmen eingespielt worden. Echo-, Reihen- und Pausenlieder gibt es ebenso wie kleine Kanons und Rollenspielsongs. Der englische Sänger Robert Metcalf sorgt dabei - unterstützt von Elke Diepenbeck - für die korrekte Aussprache und original-englischen Sound. Alle Stücke zeigen einen musikalischen Weg auf, die englische Sprache spielerisch kennen zu lernen. Ein besonderes Bonbon auf der CD sind die Original-Sprechstücke, die viele in deutscher Version kennen wie "Hello, my name is Joe", "We're going on a bearhunt" und "Five monkeys and a crokodile". Alle Lieder gibt es auch auf der separaten Playback-CD mit den Melodien als Instrumentalstimme.</marc:subfield>
   </marc:datafield>
   <marc:datafield ind1=" " ind2=" " tag="020">
      <marc:subfield code="a">9783936286519</marc:subfield>
      <marc:subfield code="9">9783936286519</marc:subfield>
   </marc:datafield>
   <marc:datafield ind1=" " ind2=" " tag="020">
      <marc:subfield code="a">3936286515</marc:subfield>
      <marc:subfield code="9">3936286515</marc:subfield>
   </marc:datafield>
   <marc:datafield ind1=" " ind2=" " tag="041">
      <marc:subfield code="a">ger</marc:subfield>
   </marc:datafield>
   <marc:datafield ind1=" " ind2=" " tag="300">
      <marc:subfield code="a">1 CD</marc:subfield>
   </marc:datafield>
</marc:record>
